Avenida del parque 79 /

Guardado en:
Autor Principal: Robbins, Harold.
Otros Autores: Rodríguez, Aurora; trad.
Formato: Libro
Idioma:Undetermined
Publicado: Buenos Aires : Hyspamérica, 1984.
Edición:1a ed.
Series:Grandes éxitos ; 4
Materias:
Etiquetas: Agregar Etiqueta
Sin Etiquetas, Sea el primero en etiquetar este registro!
LEADER 00670nam a22002055a 4500
001 CEM.cems024724
008 250624s1984####ag############000#0#und#d
005 20250624181553.0
245 1 0 |a Avenida del parque 79 /  |c Harold Robbins; traducido por Aurora Rodríguez. 
250 |a 1a ed. 
260 |a Buenos Aires :  |b Hyspamérica,  |c 1984. 
300 |a 339 p. 
490 1 |a Grandes éxitos ;  |v 4 
500 |a Título original: "79 park avenue". 
020 |a 9506141177 
100 1 |a Robbins, Harold. 
700 1 |a Rodríguez, Aurora; trad. 
653 |a Novela estadounidense 
653 |a Literatura estadounidense 
859 |a CEMS  |b BIB. CEMS - 11 de abril  |h 818.5  |i R632  |p 29964.25  |t Ej.1